[Event "Brasilia Abertura op"]
[Site "Brasilia"]
[Date "2013.02.23"]
[Round "2"]
[White "Valente, Luiz Antonio Araujo"]
[Black "Sampaio Filho, Joao Rodrigues"]
[Result "1/2-1/2"]
[WhiteElo "1748"]
[BlackElo "1769"]
[PlyCount "92"]
[EventDate "2013.02.22"]
[EventType "swiss"]
[EventRounds "5"]
[EventCountry "BRA"]
[SourceTitle "EXT 2014"]
[Source "ChessBase"]
[SourceDate "2013.11.20"]
[SourceVersion "1"]
[SourceVersionDate "2013.11.20"]
[SourceQuality "1"]

1. e4 c5 2. Nf3 d6 3. d4 cxd4 4. Nxd4 Nf6 5. Nc3 g6 6. Bd3 Bg7 7. h3 0-0 8. 0-0 Nc6 9. Be3 a6 10. Qd2 Nxd4 11. Bxd4 b5 12. Nd5 Nxd5 13. Bxg7 Kxg7 14. exd5 Qc7 15. a4 Bd7 16. Rfe1 e6 17. dxe6 fxe6 18. axb5 axb5 19. Rxa8 Rxa8 20. Qg5 Kf7 21. Qh6 Kg8 22. Re3 d5 23. g3 Be8 24. Rxe6 Bf7 25. Re1 Qc6 26. Qg5 b4 27. h4 d4 28. b3 Qf3 29. Qf4 Qxf4 30. gxf4 Re8 31. Rxe8+ Bxe8 32. f5 Kf7 33. fxg6+ hxg6 34. Kg2 Kf6 35. Kg3 g5 36. hxg5+ Kxg5 37. f4+ Kf6 38. Kg4 Bd7+ 39. Kf3 Bc6+ 40. Be4 Bb5 41. Kg4 Bd7+ 42. Kf3 Bb5 43. f5 Bd7 44. Ke2 Bb5+ 45. Bd3 Bd7 46. Kf3 Bc6+ 1/2-1/2

[Event "Brazil Xadrez Brasil op"]
[Site "Brazil"]
[Date "2010.11.13"]
[Round "2"]
[White "De Araujo, Claudio Sergio"]
[Black "Valente, Luiz Antonio Araujo"]
[Result "1-0"]
[WhiteElo "1563"]
[BlackElo "1595"]
[PlyCount "77"]
[EventDate "2010.11.12"]
[EventType "swiss"]
[EventRounds "7"]
[EventCountry "BRA"]
[SourceTitle "EXT 2013"]
[Source "ChessBase"]
[SourceDate "2012.11.22"]
[SourceVersion "1"]
[SourceVersionDate "2012.11.22"]
[SourceQuality "1"]

1. e4 c5 2. Nf3 Nc6 3. c3 d5 4. e5 Bg4 5. Bb5 a6 6. Bxc6+ bxc6 7. 0-0 d4 8. d3 e6 9. Bf4 Qb6 10. b3 Ne7 11. c4 h6 12. Nbd2 g5 13. Bg3 Nf5 14. h3 Bh5 15. Ne4 Be7 16. Rb1 a5 17. Qd2 Kd7 18. Nf6+ Bxf6 19. exf6 Bxf3 20. gxf3 Nxg3 21. fxg3 Qd8 22. f4 g4 23. h4 Qxf6 24. Rbe1 Qe7 25. Re4 Rab8 26. Rfe1 Rhe8 27. f5 h5 28. Qf4 Qd6 29. fxe6+ fxe6 30. Re5 Rf8 31. Qh6 Rbe8 32. Kg2 Rh8 33. Qg7+ Qe7 34. Qxe7+ Rxe7 35. Rxc5 a4 36. Ra5 axb3 37. Ra7+ Ke8 38. Ra8+ Kf7 39. Rxh8 1-0

[Event "Brazil Xadrez Brasil op"]
[Site "Brazil"]
[Date "2010.11.13"]
[Round "3"]
[White "Valente, Luiz Antonio Araujo"]
[Black "Mendonca, Paulo Roberto"]
[Result "1/2-1/2"]
[WhiteElo "1595"]
[BlackElo "1581"]
[PlyCount "75"]
[EventDate "2010.11.12"]
[EventType "swiss"]
[EventRounds "7"]
[EventCountry "BRA"]
[SourceTitle "EXT 2013"]
[Source "ChessBase"]
[SourceDate "2012.11.22"]
[SourceVersion "1"]
[SourceVersionDate "2012.11.22"]
[SourceQuality "1"]

1. d4 f5 2. c4 e6 3. Nf3 Nf6 4. Nc3 c6 5. e3 d5 6. a3 Bd6 7. b4 0-0 8. c5 Bc7 9. b5 Nbd7 10. Be2 Ne4 11. Bd2 Ndf6 12. 0-0 Qe7 13. Qc2 Bd7 14. Rfb1 Be8 15. Na4 Nxd2 16. Qxd2 Ne4 17. Qc2 Bg6 18. bxc6 bxc6 19. Rb7 Bxh2+ 20. Kxh2 Qxb7 21. Rb1 Qc7+ 22. Ne5 Nxf2 23. Kg1 Ne4 24. Rb4 Rab8 25. Bf3 Rxb4 26. axb4 Rb8 27. g4 fxg4 28. Bxg4 Bf5 29. Bxf5 exf5 30. Nc3 Rxb4 31. Nxe4 fxe4 32. Qf2 Rb8 33. Qf5 a5 34. Qe6+ Kh8 35. Nf7+ Kg8 36. Ne5+ Kh8 37. Nf7+ Kg8 38. Ne5+ 1/2-1/2